Surviving field research working in violent and difficult situations (Registro nro. 41134)
[ vista simple ]
| 000 -ENCABEZADO | |
|---|---|
| Número de control [NR] | 02414nam a2200277Ia 4500 |
| 008 - DE LONGITUD FIJA DE DATOS DE ELEMENTOS - INFORMACIÓN GENERAL | |
| Elementos de longitud fija [NR] | 130821s2009 enk gr eng |
| 020 ## - NUMERO INTERNACIONAL NORMALIZADO PARA LIBROS [R] | |
| Número Internacional Normalizado del libro [NR] | 9780415489355 |
| 040 ## - FUENTE DE CATALOGACION [NR] | |
| Agencia de catalogación original [NR] | Co-BoUCM |
| Idioma de catalogación [NR] | spa |
| 041 00 - CODIGO DE IDIOMA [R] | |
| Código de idioma para texto/pista de sonido o título separado [R] | Inglés |
| 245 00 - MENCION DE TITULO [NR] | |
| Título [NR] | Surviving field research working in violent and difficult situations |
| Mención de responsabilidad, etc. [NR] | editado por Chandra Lekha Sriram ... [y otros.] |
| 260 ## - PUBLICACION, DISTRIBUCION, ETC. (PIE DE IMPRENTA) [R] | |
| Lugar de publicación, distribución, etc. [R] | Londres (Inglaterra) |
| Nombre del editor, distribuidor, etc. [R] | Routledge |
| Fecha de publicación, distribución, etc. [R] | 2009 |
| 300 ## - DESCRIPCION FISICA [R] | |
| Extensión [R] | xi, 262 páginas |
| 504 ## - NOTA DE BIBLIOGRAFIA, ETC. [R] | |
| Nota de bibliografía, etc. [NR] | |
| 505 0# - NOTA DE CONTENIDO CON FORMATO PREESTABLECIDO [R] | |
| State manifest and birth record (1764-1977). | Introduction : surviving research / Julie Mertus -- Demystifying field research / John C. King -- Exceeding scholarly responsibility : IRBs and political constraints / Judy Hemming -- Methods and ethics with research teams and NGOs : comparing experiences across the border of Rwanda and Democratic Republic of Congo / Elizabeth Levy Paluck -- Maintenance of standards of protection during writeup and publication / Chandra Lekha Sriram -- Got trust? : the challenge of gaining access in conflict zones / Julie Norman -- From cell phones to coffee : issues of access in Egypt / Courtney Radsch -- "That is not what we authorised you to do" : access and government interference in highly politicised research environments / Susan Thomson -- Researching repellent groups : some methodological considerations on how to represent militants, radicals, and other belligerents / Carolyn Gallaher -- Interpreting truth and lies in stories of conflict and violence / Lee Ann Fujii -- Maintenance of personal security : ethical and operational issues / Julie Mertus -- Impact on research of security seeking behaviour / Amy Ross -- Fieldwork, objectivity, and the academic enterprise / Marie-Joëlle Zahar -- Dilemmas of self-representation and conduct in the field / Stephen Brown -- There and back : surviving research in violent and difficult situations / Olga Martin-Ortega, Johanna Herman. |
| 650 04 - ASIENTO SECUNDARIO DE MATERIA - TERMINO TEMATICO [R] | |
| Término temático o nombre geográfico como elemento de entrada [NR] | Conflictos étnicos |
| 9 (RLIN) | 11582 |
| 650 04 - ASIENTO SECUNDARIO DE MATERIA - TERMINO TEMATICO [R] | |
| Término temático o nombre geográfico como elemento de entrada [NR] | Luchas sociales |
| Subdivisión general [R] | Investigaciones |
| 9 (RLIN) | 18818 |
| 650 04 - ASIENTO SECUNDARIO DE MATERIA - TERMINO TEMATICO [R] | |
| Término temático o nombre geográfico como elemento de entrada [NR] | Sociología |
| 9 (RLIN) | 386 |
| 650 04 - ASIENTO SECUNDARIO DE MATERIA - TERMINO TEMATICO [R] | |
| Término temático o nombre geográfico como elemento de entrada [NR] | Violencia |
| Subdivisión general [R] | Investigaciones |
| 9 (RLIN) | 422 |
| 700 1# - ASIENTO SECUNDARIO - NOMBRE PERSONAL [R] | |
| Nombre personal [NR] | Herman, Johanna |
| Término de relación [R] | |
| 9 (RLIN) | 72990 |
| 700 1# - ASIENTO SECUNDARIO - NOMBRE PERSONAL [R] | |
| Nombre personal [NR] | King, John C. |
| Término de relación [R] | |
| 9 (RLIN) | 160933 |
| 700 1# - ASIENTO SECUNDARIO - NOMBRE PERSONAL [R] | |
| Nombre personal [NR] | Martín Ortega, Olga |
| Término de relación [R] | |
| 9 (RLIN) | 72989 |
| 700 1# - ASIENTO SECUNDARIO - NOMBRE PERSONAL [R] | |
| Nombre personal [NR] | Mertus, Julie A. |
| Término de relación [R] | |
| 9 (RLIN) | 160934 |
| 700 1# - ASIENTO SECUNDARIO - NOMBRE PERSONAL [R] | |
| Nombre personal [NR] | Sriram, Chandra Lekha |
| Fechas asociadas con el nombre [NR] | 1971 |
| Término de relación [R] | |
| 9 (RLIN) | 141722 |
| 942 ## - ELEMENTOS DE ENTRADA AGREGADOS (KOHA) | |
| Tipo de ítem principal el descrito en 300a | Libro |
| Tema principal | Sociología |
| Edición | 1 |
| Parte restante de la signatura top. | S963 |
| Sistema de clasificación | DEWEY |
| Clasificación | 303.6072 |
| Fecha de último préstamo | Total préstamos | Total Renewals | Signatura topográfica | Código de barras | Última vez visto | Ejemplar | Price effective from | Tipo de ítem | Perdido | Sistema de clasificación | Dañado | No prestable | Tipo de ítem específico | Suprimido | Ubicación habitual | Ubicación actual | Localización | Fecha de creación | Forma de adquisición | Costo |
|---|---|---|---|---|---|---|---|---|---|---|---|---|---|---|---|---|---|---|---|---|
| 12/02/2020 | 2 | 3 | 303.6072 S963 | 100125515 | 09/12/2025 | Ej.1 | 03/02/2013 | Libro | DEWEY | Libro | Claustro | Claustro | 2do piso | 28/02/2012 | Compra | 333026.00 |